Los principios generales del derecho
Sparad:
| Huvudupphovsmän: | , , , , , |
|---|---|
| Övriga upphovsmän: | , |
| Materialtyp: | Bok |
| Språk: | spanska |
| Publicerad: |
Madrid
Actas
1993
|
| Ämnen: | |
| Taggar: |
Lägg till en tagg
Inga taggar, Lägg till första taggen!
|
MARC
| LEADER | 00000nam a2200000 a 4500 | ||
|---|---|---|---|
| 001 | UCX9847 | ||
| 003 | CL-VaPUC | ||
| 005 | 20211008151559.0 | ||
| 008 | 940630e19930000sp 1 spa d | ||
| 082 | 0 | 4 | |a 340.1 |b SAN |2 21 |
| 100 | 1 | |a Sánchez de la Torre, Angel |e author |9 616992 | |
| 700 | |a Martínez-Sicluna y Sepulveda, Consuelo |e autora |9 325979 | ||
| 700 | 1 | |a Cantero Núñez, Estanislao |e author |9 616994 | |
| 700 | |a Martínez Muñoz, Juan Antonio |e autor |9 616995 | ||
| 700 | 1 | |a Ayuso Torres, Miguel |e author |9 616996 | |
| 700 | 1 | |a Falcón y Tella, María José |e author |9 616997 | |
| 700 | 1 | |a Cayón Peña, Juan |e author |9 616998 | |
| 700 | 1 | |a De la Torre Martínez, José |e author |9 616999 | |
| 245 | 1 | 4 | |a Los principios generales del derecho |
| 260 | |a Madrid |b Actas |c 1993 | ||
| 300 | |a 188 p | ||
| 583 | |a last modification |c 19940630 00:00:00 |k Rodrigo Vera | ||
| 650 | 0 | 0 | |a Filosofía del derecho |9 255050 |
| 942 | |c BK | ||
| 945 | |a aalvarez |d 19940630 00:00:00 | ||
| 546 | |a En Español | ||
| 518 | |p Seminario de la sección de filosofía del derecho de la Real Academia de Jurisprudencia y Legislación, 1989 | ||
| 999 | |c 382233 |d 382231 | ||
| 952 | |0 0 |1 0 |4 0 |6 340_100000000000000_SAN_1993 |7 0 |8 DER_TF |9 503808 |a BIBDER |b BIBDER |d 2020-01-23 |i 2990032 |l 2 |o 340.1 SAN 1993 |p 2990032 |r 2023-01-25 |s 2021-10-11 |w 2020-01-23 |x Ubicación 4to Piso |y BK |z Estos recursos deben solicitarse con anticipación |k DER | ||